Ciclo de conferencias sobre la pena de muerte [ (Record no. 4611)

MARC details
000 -LEADER
campo de control de longitud fija 01622njm a2200337 i 4500
001 - NÚMERO DE CONTROL
campo de control 4611
003 - IDENTIFICADOR DE NÚMERO DE CONTROL
campo de control ES-MaACL
005 - FECHA Y HORA DE LA ÚLTIMA TRANSACCIÓN
campo de control 20250808034522.0
007 - CAMPO FIJO DE DESCRIPCIÓN FÍSICA--INFORMACIÓN GENERAL
campo de control de longitud fija s|r|||||||||||
008 - DATOS DE LONGITUD FIJA--INFORMACIÓN GENERAL
campo de control de longitud fija 070801q19601969sp ||| g ||||||||1|nspa d
245 00 - MENCIÓN DEL TÍTULO
Título Ciclo de conferencias sobre la pena de muerte [
Medio Grabación sonora] /
Mención de responsabilidad, etc. intervienen Francisco Tomás Valiente, Daniel Sorio, Julio Caro Baroja (envió cuartillas para leer María Asunción Milá de Salinas, Enrique Hamberger, Moseñor Iniesta, José Luis López Aranguren.
260 ## - PUBLICACIÓN, DISTRIBUCIÓN, ETC.
Lugar de publicación, distribución, etc. Madrid :
Nombre del editor, distribuidor, etc. Ateneo de Madrid,
Fecha de publicación, distribución, etc. [196-?]
300 ## - DESCRIPCIÓN FÍSICA
Extensión 2 discos (CD-DA) (1 h. 25 min. 16 seg.) ;
Dimensiones 12 cm.
500 ## - NOTA GENERAL
Nota general Datos basados en invitación.
505 8# - NOTA DE CONTENIDO CON FORMATO
Nota de contenido con formato Contiene las conferencias: "La evolución histórica de la pena de muerte". "Los métodos ejecutivos vigentes en la actualidad". "Todo ha de reformarse, todo ha de revisarse a la luz de la ciencia"
518 ## - NOTA DE FECHA/HORA Y LUGAR DE UN ACONTECIMIENTO
Nota de fecha/hora y lugar de un acontecimiento Acto organizado por el Ateneo de Madrid.
600 14 - PUNTO DE ACCESO ADICIONAL DE MATERIA--NOMBRE DE PERSONA
Nombre de persona Aranguren, José Luis L.,
Fechas asociadas al nombre 1909-1996
9 (RLIN) 22315
600 14 - PUNTO DE ACCESO ADICIONAL DE MATERIA--NOMBRE DE PERSONA
Nombre de persona Milá de Salinas, María Asunción.
9 (RLIN) 81076
610 24 - PUNTO DE ACCESO ADICIONAL DE MATERIA--NOMBRE DE ENTIDAD CORPORATIVA
Nombre de entidad corporativa o nombre de jurisdicción como elemento de entrada Ateneo de Madrid-
Subdivisión general Actos culturales-
Subdivisión cronológica 196-?-
Subdivisión de forma Grabaciones sonoras.
9 (RLIN) 1877
650 17 - PUNTO DE ACCESO ADICIONAL DE MATERIA--TÉRMINO DE MATERIA
Término de materia o nombre geográfico como elemento de entrada Pena de muerte
Fuente del encabezamiento o término embne
9 (RLIN) 15915
700 0# - ENTRADA AGREGADA--NOMBRE PERSONAL
Nombre de persona Tomás y Valiente, Francisco,
Fechas asociadas al nombre 1932-1996
9 (RLIN) 110535
700 1# - ENTRADA AGREGADA--NOMBRE PERSONAL
Nombre de persona Soiro, Daniel.
9 (RLIN) 107027
700 1# - ENTRADA AGREGADA--NOMBRE PERSONAL
Nombre de persona Caro Baroja, Julio,
Fechas asociadas al nombre 1914-1995
9 (RLIN) 35403
700 1# - ENTRADA AGREGADA--NOMBRE PERSONAL
Nombre de persona Hamberger, Enrique.
9 (RLIN) 61638
700 1# - ENTRADA AGREGADA--NOMBRE PERSONAL
Nombre de persona Monseñor Iniesta.
9 (RLIN) 194695
710 2# - ENTRADA AGREGADA--NOMBRE DE ENTIDAD CORPORATIVA
Nombre de entidad corporativa o nombre de jurisdicción como elemento de entrada Ateneo de Madrid.
9 (RLIN) 1875
852 ## - LOCALIZACIÓN
Ubicación ES-MaACL
Número de control de estantería ROT 3/1/3
Ubicación en estantería Rotativo
itemnumber 4728
852 ## - LOCALIZACIÓN
Ubicación ES-MaACL
Número de control de estantería ROT 3/1/4
Ubicación en estantería Rotativo
itemnumber 202955
942 ## - ELEMENTOS DE ENTRADA SECUNDARIOS (KOHA)
Fuente del sistema de clasificación o colocación Clasificación decimal universal
Holdings
Estatus retirado Estado de pérdida Fuente del sistema de clasificación o colocación Estado de daño No para préstamo Colección Biblioteca de origen Biblioteca actual Ubicación en estantería Fecha de adquisición Total de préstamos Signatura topográfica completa Código de barras Visto por última vez Precio de reemplazo Tipo de ítem Koha
    Clasificación decimal universal     Fondo Ateneo de Madrid Biblioteca del Ateneo de Madrid Biblioteca del Ateneo de Madrid Depósito 17/01/2008   ROT 3/1/3 1004674 23/02/2023 23/02/2023 Archivo de ordenador en CD-ROM, CD o disquete
    Clasificación decimal universal     Fondo Ateneo de Madrid Biblioteca del Ateneo de Madrid Biblioteca del Ateneo de Madrid Depósito 17/01/2008   ROT 3/1/4   03/06/2024 23/02/2023 Archivo de ordenador en CD-ROM, CD o disquete